[Event "East European zonal 3 (w)"]
[Site "Brno CSR"]
[Date "1989.??.??"]
[Round "1"]
[White "Genova, Ruzhka"]
[Black "Kisova, Petra"]
[Result "1/2-1/2"]
[WhiteElo "2210"]
[BlackElo "2105"]
[EventDate "1989.09.23"]
[PlyCount "105"]

1.d4 d5 2.c4 e6 3.Nf3 Nf6 4.Nc3 Nbd7 5.Bg5 c6 6.cxd5 exd5 7.e3 Be7 8.Qc2 
O-O 9.Bd3 Re8 10.O-O Nf8 11.h3 g6 12.Bxf6 Bxf6 13.b4 Ne6 14.a4 a6 15.Rfd1 
Ng7 16.Ra2 Bf5 17.b5 Bxd3 18.Rxd3 axb5 19.axb5 Nf5 20.bxc6 bxc6 21.Na4 Qc7
22.Nc5 Nd6 23.Rda3 Rxa3 24.Rxa3 Nc4 25.Ra1 Be7 26.Nd3 Bd6 27.Qa4 Rb8 28.
Qa2 Rb5 29.Qc2 Qb8 30.g3 Kg7 31.Nd2 Bxg3 32.Nxc4 dxc4 33.Qxc4 Rg5 34.Kf1 
Bh4 35.Ne5 Rf5 36.f4 Qb2 37.Ra2 Qb1+ 38.Ke2 Qe1+ 39.Kd3 Qf1+ 40.Ke4 Qh1+ 
41.Kd3 Qf1+ 42.Re2 Qxh3 43.Kd2 g5 44.fxg5 Bxg5 45.Qxc6 Qg3 46.Qe4 Rf1 47.
Nd3 Ra1 48.Qe5+ Qxe5 49.Nxe5 Ra2+ 50.Kd3 Rxe2 51.Kxe2 f5 52.Kf3 Kf6 53.Nd3
1/2-1/2

[Event "East European zonal 3 (w)"]
[Site "Brno CSR"]
[Date "1989.??.??"]
[Round "1"]
[White "Ghinda, Eugenia"]
[Black "Stanciu, Gabriela"]
[Result "1/2-1/2"]
[WhiteElo "2200"]
[BlackElo "2215"]
[EventDate "1989.09.23"]
[PlyCount "35"]

1.e4 e5 2.Nf3 Nc6 3.Bb5 a6 4.Ba4 Nf6 5.O-O b5 6.Bb3 Bb7 7.d3 Be7 8.c4 bxc4
9.Bxc4 O-O 10.Nc3 d6 11.a3 Bc8 12.h3 Be6 13.b4 d5 14.exd5 Nxd5 15.Nxd5 
Bxd5 16.Bb2 Bf6 17.Re1 Re8 18.Nd2 1/2-1/2

[Event "East European zonal 3 (w)"]
[Site "Brno CSR"]
[Date "1989.??.??"]
[Round "1"]
[White "Klusek, Danuta"]
[Black "Kaczorowska, Barbara"]
[Result "1-0"]
[WhiteElo "2190"]
[BlackElo "2225"]
[EventDate "1989.09.23"]
[PlyCount "49"]

1.e4 e6 2.d4 d5 3.Nd2 dxe4 4.Nxe4 Nd7 5.Nf3 Ngf6 6.Nxf6+ Nxf6 7.Bf4 c5 8.
Be2 cxd4 9.Nxd4 Bc5 10.Nb3 Qxd1+ 11.Rxd1 Bb6 12.Bf3 O-O 13.O-O a5 14.Bd6 
Re8 15.Rfe1 Nd7 16.Nd4 a4 17.Nb5 Ra5 18.c4 Nc5 19.Be5 f6 20.Bc3 Ra8 21.Nd6
Rd8 22.Bb4 Na6 23.Ba3 Bc5 24.Nxc8 Rdxc8 25.Bxb7 1-0

[Event "East European zonal 3 (w)"]
[Site "Brno CSR"]
[Date "1989.??.??"]
[Round "1"]
[White "Muresan, Margareta"]
[Black "Prochazkova, Dana"]
[Result "1/2-1/2"]
[WhiteElo "2215"]
[BlackElo "2025"]
[EventDate "1989.09.23"]
[PlyCount "128"]

1.Nf3 Nf6 2.c4 c6 3.Nc3 d5 4.e3 g6 5.d4 Bg7 6.Bd3 O-O 7.O-O Bf5 8.Bxf5 
gxf5 9.cxd5 Nxd5 10.Qb3 Qd7 11.Bd2 e6 12.Na4 Na6 13.Rac1 Rfc8 14.Rfd1 Rab8
15.Qc2 Qe7 16.a3 b6 17.Qd3 Qb7 18.b4 Nac7 19.Ne5 Ne8 20.Nb2 Nd6 21.Nbc4 
Nxc4 22.Nxc4 Qe7 23.Qb3 Qd7 24.Be1 c5 25.dxc5 bxc5 26.Qd3 cxb4 27.Bxb4 Qb5
28.Bd6 Rb6 29.Be5 Bxe5 30.Nxe5 Rxc1 31.Rxc1 Qxd3 32.Nxd3 Rb3 33.Ne5 Rxa3 
34.g3 Kg7 35.Rc8 Rc3 36.Ra8 Rc7 37.h4 Nb6 38.Rd8 h6 39.Kf1 Rc8 40.Rd2 Rc7 
41.Ke2 f6 42.Nf3 e5 43.h5 Kf7 44.Nh4 Ke6 45.Ng6 Nd7 46.Ra2 Nc5 47.f3 a6 
48.Ra5 Rc6 49.f4 Ne4 50.fxe5 Nxg3+ 51.Kf3 Nxh5 52.exf6 Kxf6 53.Ne5 Rd6 54.
Nc4 Re6 55.Nd2 Rd6 56.Nb3 Ng7 57.Nc5 Ne6 58.Nxa6 Rb6 59.Nc5 Nxc5 60.Rxc5 
Rb4 61.Rc8 Kg5 62.Rg8+ Kf6 63.Rf8+ Kg5 64.Rg8+ Kf6 1/2-1/2

[Event "East European zonal 3 (w)"]
[Site "Brno CSR"]
[Date "1989.??.??"]
[Round "1"]
[White "Skacelova, Libuse"]
[Black "Wagner-Michel, Annett"]
[Result "1/2-1/2"]
[WhiteElo "2160"]
[BlackElo "2190"]
[EventDate "1989.09.23"]
[PlyCount "25"]

1.e4 c5 2.c3 d5 3.exd5 Qxd5 4.d4 e6 5.Nf3 cxd4 6.cxd4 Nf6 7.Nc3 Qd8 8.Bd3 
Nc6 9.O-O Be7 10.Be3 O-O 11.a3 b6 12.Rc1 Bb7 13.Bb1 1/2-1/2

[Event "East European zonal 3 (w)"]
[Site "Brno CSR"]
[Date "1989.??.??"]
[Round "1"]
[White "Sziva, Erika"]
[Black "Detko, Joanna"]
[Result "1-0"]
[WhiteElo "2250"]
[BlackElo "2175"]
[EventDate "1989.09.23"]
[PlyCount "81"]

1.e4 c5 2.Nf3 d6 3.d4 cxd4 4.Nxd4 Nf6 5.Nc3 g6 6.Be2 Bg7 7.O-O O-O 8.Nb3 
Nc6 9.Bg5 Be6 10.Kh1 Rc8 11.f4 Qd7 12.Qe1 Nb4 13.Bd3 Bc4 14.Qe2 b5 15.f5 
Rc7 16.Nd4 a6 17.a3 Bxd3 18.cxd3 Nc6 19.Nxc6 Rxc6 20.d4 Rfc8 21.Rad1 Qb7 
22.fxg6 hxg6 23.Qf3 Rf8 24.Rde1 Rc4 25.e5 Qxf3 26.gxf3 dxe5 27.dxe5 Nh5 
28.Bxe7 Re8 29.Bd6 Rh4 30.Kg1 Nf4 31.Re3 Rh5 32.Rfe1 Bh6 33.Re4 Rg5+ 34.
Kf1 Nh3 35.Nd5 Re6 36.Nf6+ Kg7 37.Ng4 Nf4 38.Rxf4 f5 39.Nxh6 Kxh6 40.Rd4 
Rh5 41.Kg1 1-0

[Event "East European zonal 3 (w)"]
[Site "Brno CSR"]
[Date "1989.??.??"]
[Round "1"]
[White "Velvart, Peterne"]
[Black "Forgo, Eva"]
[Result "1-0"]
[WhiteElo "2220"]
[BlackElo "2165"]
[EventDate "1989.09.23"]
[PlyCount "153"]

1.d4 d5 2.c4 c6 3.Nf3 Nf6 4.Nc3 dxc4 5.e4 b5 6.e5 Nd5 7.a4 e6 8.Ng5 h6 9.
Nge4 b4 10.Nb1 Ba6 11.Nbd2 c3 12.Nc4 Bxc4 13.Bxc4 cxb2 14.Bxb2 Be7 15.O-O 
O-O 16.Qg4 Nd7 17.Ng3 Kh8 18.Rae1 Rg8 19.Bc1 Bf8 20.f4 g6 21.Qh3 Kh7 22.f5
Qe8 23.fxg6+ fxg6 24.Ne4 Rh8 25.Rf7+ Kg8 26.Rxd7 Qxd7 27.Bxd5 Kg7 28.Nf6 
Qd8 29.Bxc6 Rc8 30.Ne8+ Kh7 31.Qxe6 Bg7 32.Nxg7 Qxd4+ 33.Re3 Qd1+ 34.Kf2 
Qc2+ 35.Re2 Qxc6 36.Qxc6 Rxc6 37.Bb2 Kxg7 38.e6+ Rc3 39.Re4 a5 40.Rc4 Re8 
41.Bxc3+ bxc3 42.Rxc3 Rxe6 43.Rc5 Ra6 44.h4 Kf6 45.Kf3 Ke6 46.g4 Kd6 47.
Rb5 Ke6 48.Ke4 Kd6 49.Kd4 Kc6 50.Re5 Kd6 51.Rb5 Kc6 52.Kc4 Kd6 53.Rd5+ Kc6
54.Re5 Kd6 55.Kb5 Ra8 56.Re4 h5 57.gxh5 gxh5 58.Kb6 Kd5 59.Re7 Kc4 60.Re4+
Kb3 61.Kb5 Kc3 62.Re5 Rf8 63.Kxa5 Rf4 64.Rxh5 Kb3 65.Rb5+ Ka3 66.h5 Rxa4+ 
67.Kb6 Rh4 68.Kc6 Ka4 69.Rg5 Kb4 70.Kd6 Kc4 71.Ke6 Kd4 72.Kf6 Ke4 73.Kg6 
Rh1 74.h6 Ra1 75.h7 Ra6+ 76.Kg7 Ra7+ 77.Kh6 1-0

[Event "East European zonal 3 (w)"]
[Site "Brno CSR"]
[Date "1989.??.??"]
[Round "1"]
[White "Veroci-Petronic, Zsuzsa"]
[Black "Madl, Ildiko"]
[Result "0-1"]
[WhiteElo "2340"]
[BlackElo "2310"]
[EventDate "1989.09.23"]
[PlyCount "136"]

1.e4 c5 2.Nf3 d6 3.d4 cxd4 4.Nxd4 Nf6 5.Nc3 Nc6 6.Bg5 e6 7.Qd2 a6 8.O-O-O 
Bd7 9.f4 h6 10.Bh4 g5 11.fxg5 Ng4 12.Nxc6 Bxc6 13.Be2 Ne5 14.g3 Ng6 15.Kb1
h5 16.Rhf1 Qb6 17.Rf3 Rd8 18.Rdf1 Rd7 19.Qe3 Qc7 20.R3f2 Qa5 21.Qd4 Rh7 
22.Qd1 Bg7 23.Bxh5 Bxc3 24.bxc3 Bxe4 25.Bxg6 Bxg6 26.Qd4 Rc7 27.Qxd6 Qxc3 
28.Qd2 Qe5 29.Qf4 Qc5 30.Rc1 e5 31.Qd2 Rd7 32.Qe1 Qd4 33.Rf3 Rc7 34.Rb3 
Rh8 35.Qe3 Qxe3 36.Rxe3 Rc5 37.Kb2 Ke7 38.Rc3 Rxc3 39.Kxc3 Ke6 40.Kd2 Rd8+
41.Ke3 Rd4 42.Rf1 Rc4 43.Rc1 Ra4 44.Kd2 b5 45.Kc3 Rxa2 46.Kb3 Ra4 47.h3 a5
48.c3 Be4 49.Rf1 Bd5+ 50.Kb2 Ra2+ 51.Kb1 Rh2 52.Rf6+ Kd7 53.Ra6 a4 54.g6 
fxg6 55.Bf6 Re2 56.h4 Bb7 57.Ra5 Be4+ 58.Ka1 Kc6 59.c4 bxc4 60.Bxe5 Bc2 
61.Kb2 Kb6 62.Bc3 Bd1+ 63.Kb1 Rc2 64.Be1 Rg2 65.Rg5 a3 66.Rxg6+ Kc5 67.Rf6
Bb3 68.Bf2+ Kd5 0-1

[Event "East European zonal 3 (w)"]
[Site "Brno CSR"]
[Date "1989.??.??"]
[Round "1"]
[White "Voiska, Margarita"]
[Black "Savova, Stefka"]
[Result "1-0"]
[WhiteElo "2335"]
[BlackElo "2240"]
[EventDate "1989.09.23"]
[PlyCount "59"]

1.c4 Nf6 2.Nc3 d5 3.cxd5 Nxd5 4.g3 Nb6 5.Bg2 g6 6.d3 Bg7 7.Be3 Nc6 8.Nf3 
h6 9.Qc1 Be6 10.O-O Nd5 11.Bd2 a5 12.Na4 Bg4 13.Re1 Ncb4 14.a3 Na6 15.d4 
Nb6 16.Nc5 Nxc5 17.dxc5 Nd7 18.h3 Be6 19.c6 bxc6 20.Bc3 O-O 21.Bxg7 Kxg7 
22.Nd4 Nb8 23.Qc3 Kg8 24.Nxe6 fxe6 25.Qe3 Rf6 26.Rad1 Qf8 27.Rd2 Kg7 28.
Red1 Na6 29.Bxc6 Rb8 30.f3 1-0

[Event "East European zonal 3 (w)"]
[Site "Brno CSR"]
[Date "1989.??.??"]
[Round "2"]
[White "Detko, Joanna"]
[Black "Muresan, Margareta"]
[Result "1/2-1/2"]
[WhiteElo "2175"]
[BlackElo "2215"]
[EventDate "1989.09.23"]
[PlyCount "86"]

1.e4 c5 2.Nf3 Nc6 3.d4 cxd4 4.Nxd4 g6 5.Be3 Bg7 6.Nc3 Nf6 7.Bc4 O-O 8.h3 
Qa5 9.O-O d6 10.Bb3 Bd7 11.f4 Nxd4 12.Bxd4 Bc6 13.Qd3 Rac8 14.Rae1 Nd7 15.
Bxg7 Kxg7 16.Qd4+ Kg8 17.Nd5 Rfe8 18.Kh1 Qc5 19.Qd2 a5 20.f5 Bxd5 21.Bxd5 
e6 22.fxe6 fxe6 23.Qf4 Ne5 24.Bb3 Qc7 25.Rf2 b5 26.a3 a4 27.Ba2 Qe7 28.
Ref1 Nc4 29.Qh6 Rf8 30.Bxc4 bxc4 31.Rxf8+ Rxf8 32.Rxf8+ Qxf8 33.Qd2 Qb8 
34.Qd4 Qc7 35.Qf6 Qd7 36.Qd4 Qc6 37.Qe3 Kg7 38.e5 dxe5 39.Qxe5+ Kf7 40.Qh8
h5 41.Qh7+ Kf6 42.Qh8+ Kf7 43.Qh7+ Kf6 1/2-1/2

[Event "East European zonal 3 (w)"]
[Site "Brno CSR"]
[Date "1989.??.??"]
[Round "2"]
[White "Ghinda, Eugenia"]
[Black "Velvart, Peterne"]
[Result "1-0"]
[WhiteElo "2200"]
[BlackElo "2220"]
[EventDate "1989.09.23"]
[PlyCount "111"]

1.d4 d5 2.Nf3 c5 3.e3 e6 4.Nbd2 Nf6 5.c3 b6 6.Ne5 Bd6 7.Bd3 O-O 8.Qe2 Bb7 
9.O-O Ne4 10.f4 f5 11.Ndf3 Nd7 12.Bd2 Ndf6 13.Be1 c4 14.Bc2 Qe8 15.Kh1 b5 
16.Ng1 Bxe5 17.dxe5 Ng4 18.Nf3 a6 19.Nd4 Rc8 20.a3 a5 21.Kg1 Nc5 22.h3 Nh6
23.g4 g6 24.Bh4 a4 25.Rf2 Rb8 26.Rg2 Bc8 27.Kh2 Ne4 28.Rag1 Kf7 29.Qe1 Ng8
30.gxf5 exf5 31.Bg5 Rb6 32.Qe2 Bd7 33.Bh4 Kg7 34.Qd1 Kh8 35.Nf3 Be6 36.Qd4
Rb7 37.Be1 Rg7 38.h4 h5 39.Qb6 Bf7 40.Nd4 Qb8 41.Qxb8 Rxb8 42.Nxf5 Rh7 43.
Nd6 Nxd6 44.exd6 Nf6 45.f5 Rg7 46.fxg6 Be6 47.Rg5 Ng4+ 48.R1xg4 Bxg4 49.
Bg3 Kg8 50.Rxd5 Bf3 51.Rc5 Be2 52.Bf5 Bg4 53.Be4 Rd7 54.Be5 Be6 55.Bd4 
Rxd6 56.Rxh5 1-0

[Event "East European zonal 3 (w)"]
[Site "Brno CSR"]
[Date "1989.??.??"]
[Round "2"]
[White "Kaczorowska, Barbara"]
[Black "Veroci-Petronic, Zsuzsa"]
[Result "1-0"]
[WhiteElo "2225"]
[BlackElo "2340"]
[EventDate "1989.09.23"]
[PlyCount "71"]

1.Nf3 Nf6 2.g3 g6 3.Bg2 Bg7 4.c4 O-O 5.O-O d6 6.d4 Nc6 7.Nc3 a6 8.b3 e5 9.
Bb2 Bg4 10.dxe5 dxe5 11.h3 Bf5 12.Nh4 Be6 13.Nd5 g5 14.Nxf6+ Qxf6 15.Nf3 
Qg6 16.Qd2 h6 17.Qe3 Rfe8 18.g4 f6 19.Nd2 h5 20.Be4 Qf7 21.Qf3 Rad8 22.
Rfd1 Nd4 23.Bxd4 Rxd4 24.e3 hxg4 25.hxg4 Rd7 26.Bxb7 Red8 27.Ne4 Rxd1+ 28.
Rxd1 Rxd1+ 29.Qxd1 Bf8 30.Bxa6 Qg6 31.Bb7 Kg7 32.Qf3 f5 33.gxf5 Bxf5 34.
Ng3 Be6 35.Be4 g4 36.Qxf8+ 1-0

[Event "East European zonal 3 (w)"]
[Site "Brno CSR"]
[Date "1989.??.??"]
[Round "2"]
[White "Kisova, Petra"]
[Black "Skacelova, Libuse"]
[Result "1/2-1/2"]
[WhiteElo "2105"]
[BlackElo "2160"]
[EventDate "1989.09.23"]
[PlyCount "139"]

1.e4 c6 2.d4 d5 3.exd5 cxd5 4.c4 Nf6 5.Nc3 g6 6.Qb3 Bg7 7.cxd5 O-O 8.Be2 
Nbd7 9.Bf3 Nb6 10.Bg5 Bf5 11.Rd1 a5 12.Nge2 a4 13.Qb5 Ne8 14.Ng3 Nd6 15.
Qe2 Re8 16.O-O h6 17.Bf4 Rc8 18.Rfe1 Qd7 19.h3 a3 20.Be5 Nbc4 21.Bxg7 Kxg7
22.bxa3 Nxa3 23.Qb2 Nac4 24.Qb4 h5 25.Re2 Qc7 26.Nxf5+ Nxf5 27.Nb5 Qa5 28.
Qxa5 Nxa5 29.Rde1 Kf8 30.g4 Nd6 31.Nxd6 exd6 32.Rxe8+ Rxe8 33.Rxe8+ Kxe8 
34.gxh5 gxh5 35.Bxh5 Nc4 36.f4 Ne3 37.Bf3 Nf5 38.Kf2 Kf8 39.Bg4 Nxd4 40.
Ke3 Nb5 41.Kd3 Nc7 42.Ke4 Ke7 43.Bf3 Kf6 44.Ke3 b6 45.a4 Na6 46.Be2 Nc5 
47.Bd1 Na6 48.Bc2 Nb4 49.Be4 Na6 50.Kd4 Nc7 51.Kc4 Kg7 52.Kb4 Kf6 53.a5 
bxa5+ 54.Kxa5 Ne8 55.Kb5 Ke7 56.Kc6 Ng7 57.Bf3 Nf5 58.Bg4 Nh6 59.Bc8 Ng8 
60.Ba6 Nf6 61.Be2 Ng8 62.Bh5 Nh6 63.Bg4 Ng8 64.Bf5 Nf6 65.Bg4 Ng8 66.h4 
Nh6 67.Bh3 Ng8 68.h5 Nh6 69.Kb5 Ng8 70.Kc6 1/2-1/2

[Event "East European zonal 3 (w)"]
[Site "Brno CSR"]
[Date "1989.??.??"]
[Round "2"]
[White "Prochazkova, Dana"]
[Black "Voiska, Margarita"]
[Result "0-1"]
[WhiteElo "2025"]
[BlackElo "2335"]
[EventDate "1989.09.23"]
[PlyCount "140"]

1.d4 Nf6 2.Nf3 g6 3.Bf4 Bg7 4.e3 d6 5.h3 O-O 6.Bd3 c5 7.c3 b6 8.O-O Bb7 9.
Qe2 a6 10.Nbd2 Nc6 11.Rac1 Re8 12.e4 e5 13.dxe5 dxe5 14.Be3 Nh5 15.Bg5 Qc7
16.Bc4 h6 17.Be3 Nf4 18.Bxf4 exf4 19.Bd5 Rad8 20.Bxc6 Qxc6 21.Rfe1 Re7 22.
Rcd1 Kh7 23.Qf1 b5 24.Nb3 Rxd1 25.Rxd1 Qc7 26.Re1 Rxe4 27.Rxe4 Bxe4 28.
Nfd2 Bb7 29.Qe2 c4 30.Nc1 Qe5 31.Qxe5 Bxe5 32.Kf1 g5 33.Ne2 Kg6 34.a4 Bd5 
35.axb5 axb5 36.f3 h5 37.Nb1 g4 38.hxg4 hxg4 39.fxg4 Kg5 40.Na3 Bc6 41.Nc2
Kxg4 42.Ncd4 Be4 43.Nxb5 f3 44.gxf3+ Kxf3 45.Nbd4+ Ke3 46.Ke1 Bd3 47.Nc6 
Bd6 48.Nc1 Be4 49.Na5 Bg3+ 50.Kd1 Bd5 51.b3 cxb3 52.Naxb3 f5 53.Nd4 Be4 
54.Nc2+ Kf2 55.Nd4 f4 56.Ncb3 Ke3 57.Nc2+ Bxc2+ 58.Kxc2 f3 59.Nd2 f2 60.
Nf1+ Kf3 61.Kd3 Bf4 62.c4 Kg2 63.Ke2 Kg1 64.c5 Kg2 65.c6 Kg1 66.Kf3 Kxf1 
67.Kxf4 Ke2 68.Ke5 f1=Q 69.Kd6 Qf5 70.Kc7 Kd3 0-1

[Event "East European zonal 3 (w)"]
[Site "Brno CSR"]
[Date "1989.??.??"]
[Round "2"]
[White "Savova, Stefka"]
[Black "Genova, Ruzhka"]
[Result "0-1"]
[WhiteElo "2240"]
[BlackElo "2210"]
[EventDate "1989.09.23"]
[PlyCount "70"]

1.e4 c5 2.Nf3 e6 3.d4 cxd4 4.Nxd4 Nf6 5.Nc3 d6 6.Be2 a6 7.O-O Be7 8.Be3 
O-O 9.f4 Qc7 10.Qe1 b5 11.Bf3 Bb7 12.a3 Nc6 13.Rd1 Na5 14.e5 Ne8 15.Bxb7 
Nxb7 16.Qg3 Rc8 17.Ne4 Nc5 18.Nxc5 dxc5 19.Nf3 Qc6 20.Ng5 Nc7 21.f5 exf5 
22.Rxf5 Qg6 23.Rdf1 f6 24.exf6 Rxf6 25.Rxf6 Bxf6 26.Qf3 h6 27.Ne4 Bxb2 28.
Bxc5 Ne6 29.Bb4 Rxc2 30.Ng3 Kh7 31.Qd5 Rc1 32.Rxc1 Bxc1 33.Qf5 Nd4 34.
Qxg6+ Kxg6 35.Kf1 Nc2 0-1

[Event "East European zonal 3 (w)"]
[Site "Brno CSR"]
[Date "1989.??.??"]
[Round "2"]
[White "Stanciu, Gabriela"]
[Black "Madl, Ildiko"]
[Result "0-1"]
[WhiteElo "2215"]
[BlackElo "2310"]
[EventDate "1989.09.23"]
[PlyCount "60"]

1.Nf3 Nf6 2.c4 c5 3.Nc3 g6 4.e4 Bg7 5.d4 O-O 6.dxc5 Na6 7.e5 Ng4 8.Bf4 
Nxc5 9.h3 Ne6 10.Bg3 Nh6 11.Be2 Qa5 12.O-O d6 13.exd6 exd6 14.Qd5 Qb6 15.
Na4 Qa6 16.Qd1 Qc6 17.Nc3 Nf5 18.Bh2 Nfd4 19.Nxd4 Nxd4 20.Bd3 Be6 21.Be4 
Qxc4 22.Bxd6 Rfe8 23.Bd3 Qc6 24.Bg3 Rad8 25.Bh4 Rd7 26.Re1 Nf5 27.Bg5 h6 
28.g4 Ng3 29.fxg3 hxg5 30.Qe2 a6 0-1

[Event "East European zonal 3 (w)"]
[Site "Brno CSR"]
[Date "1989.??.??"]
[Round "2"]
[White "Wagner-Michel, Annett"]
[Black "Klusek, Danuta"]
[Result "1-0"]
[WhiteElo "2190"]
[BlackElo "2190"]
[EventDate "1989.09.23"]
[PlyCount "55"]

1.e4 Nf6 2.e5 Nd5 3.c4 Nb6 4.c5 Nd5 5.Bc4 e6 6.d4 d6 7.cxd6 cxd6 8.Qe2 
dxe5 9.dxe5 Nc6 10.Nf3 Be7 11.O-O O-O 12.a3 b6 13.Rd1 Bb7 14.b4 Rc8 15.
Bxd5 exd5 16.Bb2 Qd7 17.Nc3 Nb8 18.Rd2 Rfd8 19.Rad1 Qe6 20.Nd4 Qg6 21.f4 
Na6 22.f5 Qg5 23.Rd3 Bf8 24.Rg3 Qh4 25.Rg4 Qe7 26.f6 Qd7 27.fxg7 Be7 28.
Rf1 1-0

[Event "East European zonal 3 (w)"]
[Site "Brno CSR"]
[Date "1989.??.??"]
[Round "3"]
[White "Genova, Ruzhka"]
[Black "Prochazkova, Dana"]
[Result "1-0"]
[WhiteElo "2210"]
[BlackElo "2025"]
[EventDate "1989.09.23"]
[PlyCount "139"]

1.d4 d5 2.c4 c6 3.Nf3 Nf6 4.Nc3 dxc4 5.a4 Bf5 6.Ne5 e6 7.f3 c5 8.e4 cxd4 
9.exf5 Bb4 10.Bxc4 dxc3 11.Qxd8+ Kxd8 12.O-O Ke7 13.Nd3 cxb2 14.Bxb2 Nc6 
15.Nxb4 Nxb4 16.Ba3 a5 17.fxe6 fxe6 18.Rfe1 Rhe8 19.Rxe6+ Kf8 20.Rb6 Rac8 
21.Rxb4 axb4 22.Bxb4+ Re7 23.Bd3 Kf7 24.Bxe7 Kxe7 25.Rb1 Rc7 26.Kf2 Kd6 
27.Ke3 Re7+ 28.Kd4 Kc7 29.Bb5 Re6 30.Rb2 b6 31.Rc2+ Kb7 32.h4 h5 33.Re2 
Rd6+ 34.Ke5 Rd5+ 35.Kf4 Kb8 36.g3 Kc8 37.Re6 Rc5 38.Rc6+ Rxc6 39.Bxc6 Kc7 
40.Bb5 Kd6 41.Kg5 Ke7 42.Kg6 Kf8 43.Bc6 Kg8 44.f4 Kf8 45.Bf3 Kg8 46.Bxh5 
Ne4 47.Bf3 Nxg3 48.h5 Nf1 49.Bd5+ Kf8 50.h6 gxh6 51.Kxh6 Ne3 52.Bb3 Nf5+ 
53.Kg6 Nd6 54.Bd5 Ke7 55.Bc6 Nc4 56.Bb5 Nd6 57.Bd3 Ne8 58.Kf5 Nf6 59.Bb5 
Nd5 60.Ke5 Nf6 61.Be2 Nd7+ 62.Kd5 Kf6 63.Bg4 Nf8 64.Kc6 Ng6 65.Kxb6 Nxf4 
66.Bf3 Ke7 67.a5 Kd8 68.a6 Ne6 69.a7 Nc7 70.Bg4 1-0

[Event "East European zonal 3 (w)"]
[Site "Brno CSR"]
[Date "1989.??.??"]
[Round "3"]
[White "Klusek, Danuta"]
[Black "Kisova, Petra"]
[Result "0-1"]
[WhiteElo "2190"]
[BlackElo "2105"]
[EventDate "1989.09.23"]
[PlyCount "68"]

1.e4 e5 2.Nf3 Nc6 3.Bb5 a6 4.Ba4 Nf6 5.O-O Be7 6.Re1 b5 7.Bb3 O-O 8.a4 Bb7
9.d3 d6 10.Nc3 Na5 11.Ba2 b4 12.Ne2 c5 13.Ng3 b3 14.cxb3 Nc6 15.b4 Nxb4 
16.Bc4 Bc8 17.Bd2 Rb8 18.h3 Ne8 19.Rb1 Nc7 20.Nh2 Bg5 21.Bxg5 Qxg5 22.Re3 
g6 23.Nf5 Bxf5 24.Rg3 Qf6 25.exf5 Qxf5 26.Ng4 Kg7 27.Rf3 Qg5 28.Nf6 d5 29.
Bb3 Rbd8 30.Qe2 Ne6 31.Qe3 Nf4 32.Ng4 Nbxd3 33.Bc2 d4 34.Qe4 f5 0-1

[Event "East European zonal 3 (w)"]
[Site "Brno CSR"]
[Date "1989.??.??"]
[Round "3"]
[White "Madl, Ildiko"]
[Black "Kaczorowska, Barbara"]
[Result "1-0"]
[WhiteElo "2310"]
[BlackElo "2225"]
[EventDate "1989.09.23"]
[PlyCount "65"]

1.e4 c6 2.d4 d5 3.Nc3 dxe4 4.Nxe4 Bf5 5.Ng3 Bg6 6.Bc4 e6 7.N1e2 Nf6 8.O-O 
Bd6 9.f4 Qc7 10.Bd3 Nbd7 11.c4 Bxd3 12.Qxd3 g6 13.Bd2 O-O-O 14.b4 h5 15.h3
h4 16.Ne4 Nxe4 17.Qxe4 Nf6 18.Qf3 Nh5 19.Rab1 Ng7 20.Bc3 Rhg8 21.d5 g5 22.
Bf6 Rd7 23.c5 Bxf4 24.Nxf4 Qxf4 25.dxc6 bxc6 26.Qc3 Qe4 27.Rbe1 Qg6 28.Qf3
Rd5 29.Qa3 Kb7 30.b5 Qd3 31.bxc6+ Kxc6 32.Qxa7 Qb5 33.Qxf7 1-0

[Event "East European zonal 3 (w)"]
[Site "Brno CSR"]
[Date "1989.??.??"]
[Round "3"]
[White "Muresan, Margareta"]
[Black "Forgo, Eva"]
[Result "1-0"]
[WhiteElo "2215"]
[BlackElo "2165"]
[EventDate "1989.09.23"]
[PlyCount "71"]

1.d4 d5 2.c4 c6 3.Nc3 e5 4.dxe5 d4 5.Ne4 Qa5+ 6.Nd2 Qxe5 7.Ngf3 Qd6 8.Nb3 
c5 9.g3 Nc6 10.Bf4 Qd8 11.Bg2 Nf6 12.O-O Be7 13.Nc1 O-O 14.Nd3 Re8 15.a3 
Bd6 16.Bxd6 Qxd6 17.Re1 Rb8 18.b4 b6 19.Nd2 Be6 20.Qa4 Rec8 21.Rab1 cxb4 
22.axb4 Ne5 23.c5 bxc5 24.bxc5 Qd7 25.c6 Qd6 26.Nxe5 Qxe5 27.Nf3 Rxb1 28.
Rxb1 Qxe2 29.Nxd4 Qd3 30.Rd1 Qc4 31.Qxc4 Bxc4 32.Nf5 Rf8 33.c7 Be6 34.Ne7+
Kh8 35.Rd8 Re8 36.Bc6 1-0

[Event "East European zonal 3 (w)"]
[Site "Brno CSR"]
[Date "1989.??.??"]
[Round "3"]
[White "Skacelova, Libuse"]
[Black "Savova, Stefka"]
[Result "0-1"]
[WhiteElo "2160"]
[BlackElo "2240"]
[EventDate "1989.09.23"]
[PlyCount "104"]

1.e4 c5 2.c3 Nf6 3.e5 Nd5 4.d4 cxd4 5.Nf3 Nc6 6.Bc4 Nb6 7.Bb3 d6 8.exd6 
dxc3 9.Nxc3 exd6 10.Ng5 d5 11.O-O Be7 12.Qh5 g6 13.Qh6 Be6 14.Re1 Qd7 15.
Bf4 O-O-O 16.Rac1 a6 17.Na4 Nxa4 18.Bxa4 Bd6 19.Bxd6 Qxd6 20.Nxe6 fxe6 21.
Bxc6 bxc6 22.Qg7 Rhe8 23.Qa7 Qc7 24.Qxa6+ Kd7 25.Qa3 Ra8 26.Qb3 Rab8 27.
Qc3 Qd6 28.Rc2 c5 29.b3 Rbc8 30.Qh3 Re7 31.Rec1 Qe5 32.Qd3 Kd6 33.h3 Rec7 
34.a4 Qf5 35.Qg3+ e5 36.Re2 Re8 37.Rce1 d4 38.Re4 Rce7 39.Qd3 Qd7 40.Qc4 
Qc6 41.f3 Qb6 42.Rc1 Rf8 43.Re2 Rb8 44.Qc2 Rc8 45.h4 Qb7 46.Qd3 Rb8 47.Qc2
Rc7 48.Rce1 Qxb3 49.Qxb3 Rxb3 50.Rxe5 c4 51.R1e4 c3 52.Re8 c2 0-1

[Event "East European zonal 3 (w)"]
[Site "Brno CSR"]
[Date "1989.??.??"]
[Round "3"]
[White "Sziva, Erika"]
[Black "Ghinda, Eugenia"]
[Result "1-0"]
[WhiteElo "2250"]
[BlackElo "2200"]
[EventDate "1989.09.23"]
[PlyCount "109"]

1.e4 e5 2.Nf3 Nf6 3.d4 Nxe4 4.Bd3 d5 5.Nxe5 Nd7 6.Nc3 Nxc3 7.bxc3 Nxe5 8.
dxe5 Be7 9.O-O O-O 10.Rb1 Rb8 11.Bf4 Be6 12.Qe2 Qd7 13.Rfd1 Qa4 14.Qd2 c6 
15.Bg3 Qg4 16.Rf1 b5 17.f3 Qh5 18.Bf4 Rbd8 19.Rbe1 a6 20.Kh1 c5 21.g4 Qh4 
22.Bg3 Qg5 23.Bf4 Qh4 24.Bg3 Qh3 25.Rf2 g5 26.f4 Bxg4 27.fxg5 Qh5 28.h4 c4
29.Be2 Bxe2 30.Rexe2 Qg4 31.Kh2 d4 32.Re1 dxc3 33.Qxc3 Bc5 34.Rf4 Qd7 35.
Qf3 Qd2+ 36.Re2 Qd1 37.Qg2 Rd5 38.Rf1 Qd4 39.Qf3 Rdd8 40.h5 Qd5 41.Qf6 Qe6
42.h6 Qxf6 43.gxf6 Rfe8 44.Rf5 Bb4 45.Rg5+ Kh8 46.Rg7 Rf8 47.Bf4 Rd4 48.
Kg3 Rd1 49.Kf3 Bc3 50.Be3 Bxe5 51.Bg5 Bc3 52.Re7 Bxf6 53.Rexf7 Rf1+ 54.Kg2
Bxg7 55.hxg7+ 1-0

[Event "East European zonal 3 (w)"]
[Site "Brno CSR"]
[Date "1989.??.??"]
[Round "3"]
[White "Velvart, Peterne"]
[Black "Stanciu, Gabriela"]
[Result "0-1"]
[WhiteElo "2220"]
[BlackElo "2215"]
[EventDate "1989.09.23"]
[PlyCount "130"]

1.d4 d5 2.c4 c6 3.Nf3 Nf6 4.Nc3 dxc4 5.e4 b5 6.e5 Nd5 7.a4 h6 8.g3 b4 9.
Ne4 Bf5 10.Nc5 e6 11.Bxc4 a5 12.Nb3 Be7 13.O-O O-O 14.Re1 Nd7 15.Be3 Nxe3 
16.fxe3 Qb6 17.Rc1 Bg4 18.Kg2 Rad8 19.h3 Bh5 20.g4 Bg6 21.e4 Qa7 22.Nbd2 
Nb6 23.Bb3 c5 24.dxc5 Nd7 25.c6 Nc5 26.Bc2 Qc7 27.Qe2 Qxc6 28.Nb3 Nxb3 29.
Bxb3 Qb7 30.Bc4 Rd7 31.Ba6 Qa7 32.Bb5 Rc7 33.Rxc7 Qxc7 34.Qe3 Qb7 35.Re2 
Rd8 36.Kg3 Qc7 37.Qb3 Bf6 38.Rc2 Bxe5+ 39.Kg2 Qb8 40.Qc4 Bf6 41.Bc6 Qf4 
42.Rf2 h5 43.g5 h4 44.gxf6 Rd1 45.Ne1 Qg3+ 46.Kf1 Bh5 47.e5 Qxh3+ 48.Bg2 
Qe3 49.Re2 Qxe2+ 50.Qxe2 Bxe2+ 51.Kxe2 Ra1 52.Nf3 Rxa4 53.Kd3 Ra1 54.fxg7 
Kxg7 55.Kc4 Rb1 56.b3 Rb2 57.Nxh4 Rf2 58.Kb5 Kh6 59.Bc6 Rb2 60.Kc4 Rc2+ 
61.Kb5 Rc3 62.Nf3 Rxb3 63.Kxa5 Rc3 64.Kb5 b3 65.Be4 Re3 0-1

[Event "East European zonal 3 (w)"]
[Site "Brno CSR"]
[Date "1989.??.??"]
[Round "3"]
[White "Veroci-Petronic, Zsuzsa"]
[Black "Wagner-Michel, Annett"]
[Result "1-0"]
[WhiteElo "2340"]
[BlackElo "2190"]
[EventDate "1989.09.23"]
[PlyCount "62"]

1.e4 c5 2.Nf3 Nc6 3.d4 cxd4 4.Nxd4 Nf6 5.Nc3 d6 6.Bc4 e6 7.Bb3 a6 8.Be3 
Qc7 9.f4 Be7 10.Qf3 Bd7 11.f5 Nxd4 12.Bxd4 h5 13.O-O-O Rc8 14.Rhe1 e5 15.
Bf2 Bc6 16.Qd3 Nd7 17.Nd5 Bxd5 18.Qxd5 Rf8 19.c3 b5 20.Kb1 Nb6 21.Qd3 Nc4 
22.Qe2 Rh8 23.Rd5 Qb7 24.Red1 Rc6 25.Qd3 Kf8 26.Qf3 Kg8 27.Ka1 a5 28.f6 
Bxf6 29.Bxc4 Rxc4 30.Rxd6 Qxe4 31.Rd8+ Bxd8 1-0

[Event "East European zonal 3 (w)"]
[Site "Brno CSR"]
[Date "1989.??.??"]
[Round "3"]
[White "Voiska, Margarita"]
[Black "Detko, Joanna"]
[Result "1-0"]
[WhiteElo "2335"]
[BlackElo "2175"]
[EventDate "1989.09.23"]
[PlyCount "41"]

1.Nf3 e6 2.c4 f5 3.d4 Nf6 4.Nc3 d5 5.Bf4 c6 6.e3 Be7 7.h3 O-O 8.Bd3 Bd7 9.
Qb3 Qc8 10.O-O Be8 11.Rac1 Bh5 12.Ne5 h6 13.cxd5 exd5 14.Qc2 Nbd7 15.Bxf5 
g5 16.Bh2 Bd6 17.Bg6 Qc7 18.Bxh5 Nxh5 19.Qg6+ Ng7 20.Nxd5 Nxe5 21.dxe5 1-0

[Event "East European zonal 3 (w)"]
[Site "Brno CSR"]
[Date "1989.??.??"]
[Round "4"]
[White "Detko, Joanna"]
[Black "Genova, Ruzhka"]
[Result "1-0"]
[WhiteElo "2175"]
[BlackElo "2210"]
[EventDate "1989.09.23"]
[PlyCount "78"]

1.e4 c5 2.Nf3 e6 3.d4 cxd4 4.Nxd4 Nf6 5.Nc3 d6 6.Bg5 Be7 7.f4 h6 8.Bxf6 
Bxf6 9.Qd2 a6 10.O-O-O O-O 11.Be2 Be7 12.Kb1 Nc6 13.Bf3 Rb8 14.g4 Nxd4 15.
Qxd4 b5 16.h4 b4 17.Ne2 Qc7 18.g5 e5 19.Qf2 h5 20.Bxh5 d5 21.exd5 b3 22.
axb3 Rxb3 23.fxe5 Bc5 24.Nd4 Rb8 25.Qf4 Qb6 26.Nb3 a5 27.Rdf1 g6 28.Bg4 
Be3 29.Qe4 a4 30.Qxa4 Bb7 31.Rf6 Qd8 32.Rd6 Qc7 33.Qe4 Bc5 34.Nxc5 Qxc5 
35.Rxg6+ fxg6 36.Qxg6+ Kh8 37.Qh6+ Kg8 38.Be6+ Rf7 39.Qg6+ Kh8 1-0